[Event "London Classic FIDE Open"]
[Site "London ENG"]
[Date "2011.12.06"]
[Round "4"]
[White "Karthikeyan, Murali"]
[Black "Weber, Tom"]
[Result "0-1"]
[BlackTitle "FM"]
[WhiteElo "2154"]
[BlackElo "2355"]
[WhiteFideId "5074452"]
[BlackFideId "4000609"]
[EventDate "2011.12.03"]

1. e4 c5 2. Nf3 d6 3. d4 cxd4 4. Nxd4 Nf6 5. Nc3 a6 6. Be3 e5 7. Nb3 Be6 8. f3
h5 9. Qd2 Nbd7 10. O-O-O Qc7 11. Kb1 Rc8 12. Be2 Be7 13. f4 b5 14. Bf3 Nb6 15.
Bxb6 Qxb6 16. f5 Bc4 17. Rhe1 b4 18. Nd5 Bxd5 19. exd5 a5 20. Qe3 Qc7 21. Rc1 a4
22. Nd2 Qb7 23. c4 bxc3 24. Rxc3 Rxc3 25. Qxc3 O-O 26. Rc1 Rb8 27. Rc2 Qa7 28.
a3 Bd8 29. h3 Ba5 30. Qc4 Bxd2 31. Rxd2 e4 32. Bxe4 Qe3 33. Re2 Qxa3 34. Bf3 Kh7
35. Qc2 Qb4 36. g4 a3 37. g5 Qf4 38. Qd3 axb2 39. g6+ fxg6 40. fxg6+ Kh6 41.
Rxb2 Re8 42. Bd1 Re3 43. Qc2 Nxd5 44. Rb8 Nc3+ 45. Ka1 Nxd1 46. Qxd1 Qe5+ 47.
Ka2 Qa5+ 48. Kb2 Qa3+ 49. Kb1 Qd3+ 50. Qxd3 Rxd3 51. Kc2 Rxh3 52. Rd8 Kxg6 53.
Kd2 Rf3 54. Rxd6+ Rf6 55. Rd4 Kg5 56. Ke2 g6 57. Rd1 h4 58. Rg1+ Kh5 59. Ra1 g5
60. Ra3 Rf5 61. Ke3 Kg4 62. Ra1 Rf3+ 63. Ke2 h3 64. Rg1+ Kf4 65. Rxg5 Re3+ 66.
Kf2 Kxg5 67. Kxe3 h2 0-1

[Event "London Classic FIDE Open"]
[Site "London ENG"]
[Date "2011.12.06"]
[Round "4"]
[White "Tikkanen, Hans"]
[Black "Smith, Andrew Philip"]
[Result "1-0"]
[WhiteTitle "GM"]
[BlackTitle "FM"]
[WhiteElo "2586"]
[BlackElo "2167"]
[WhiteFideId "1706446"]
[BlackFideId "2500833"]
[EventDate "2011.12.03"]

1. d4 d6 2. c4 Nd7 3. e4 e5 4. d5 c6 5. Nc3 cxd5 6. cxd5 a6 7. Bd3 Ne7 8. Bc2
Ng6 9. g3 Be7 10. h4 h6 11. Nf3 b5 12. Be3 Bb7 13. h5 Ngf8 14. Nh4 Bxh4 15. gxh4
Nb6 16. b3 Nfd7 17. Rc1 Rc8 18. Qd2 Nf6 19. Rg1 Nxh5 20. Bd1 Nf6 21. Rxg7 b4 22.
Bxb6 Qxb6 23. Na4 Qa5 24. Bf3 Ke7 25. Rxc8 Bxc8 26. a3 Qc7 27. axb4 Bd7 28. Nb2
Bb5 29. Nd1 Qd7 30. Ne3 Qh3 31. Rg3 Qh2 32. Nf5+ Kd7 33. Rg7 Rf8 34. Qe3 Ne8 35.
Qa7+ Nc7 36. Nxd6 Qh3 37. Nxb5 axb5 38. Bg4+ 1-0

[Event "London Classic FIDE Open"]
[Site "London ENG"]
[Date "2011.12.06"]
[Round "4"]
[White "Smith, Axel"]
[Black "Farrell, Neil"]
[Result "1-0"]
[WhiteTitle "IM"]
[WhiteElo "2480"]
[BlackElo "2181"]
[WhiteFideId "1707930"]
[BlackFideId "2400588"]
[EventDate "2011.12.03"]

1. Nf3 Nf6 2. c4 c5 3. Nc3 e6 4. d4 cxd4 5. Nxd4 Bb4 6. g3 O-O 7. Bg2 d5 8. cxd5
Nxd5 9. Qb3 Qa5 10. Bd2 Nc6 11. Nxc6 bxc6 12. O-O Bxc3 13. bxc3 Ba6 14. Rfd1
Bxe2 15. c4 Bxd1 16. Rxd1 Qb6 17. cxd5 cxd5 18. Qf3 Rad8 19. h4 e5 20. h5 f5 21.
Bg5 Rd7 22. Rxd5 Qb1+ 23. Bf1 e4 24. Qb3 Qxb3 25. axb3 Rxd5 26. Bc4 Rc8 27.
Bxd5+ Kf8 28. Be3 Rc7 29. Be6 g6 30. h6 Ke7 31. Bg8 Kf6 32. Bd4+ Kg5 33. Bg7 Kg4
34. Bxh7 e3 35. fxe3 Kf3 36. Bxg6 f4 37. gxf4 1-0

[Event "London Classic FIDE Open"]
[Site "London ENG"]
[Date "2011.12.06"]
[Round "4"]
[White "Blazquez, Denis"]
[Black "Cox, John J"]
[Result "0-1"]
[BlackTitle "IM"]
[WhiteElo "2178"]
[BlackElo "2423"]
[WhiteFideId "601705"]
[BlackFideId "401064"]
[EventDate "2011.12.03"]

1. d4 Nf6 2. c4 g6 3. Nc3 d5 4. Nf3 Bg7 5. cxd5 Nxd5 6. e4 Nxc3 7. bxc3 c5 8.
Rb1 O-O 9. Be2 Nc6 10. d5 Ne5 11. Nxe5 Bxe5 12. Rb3 Qa5 13. Qd2 Bd7 14. c4 Qxd2+
15. Bxd2 Rab8 16. O-O Bd4 17. Bf4 f5 18. Bxb8 Rxb8 19. Ra3 a6 20. exf5 Bxf5 21.
Bd3 Bd7 22. Re1 Kf7 23. Kf1 Rd8 24. Rb3 Bc8 25. h4 Rd6 26. Be4 b5 27. cxb5 axb5
28. Rxb5 Ba6 29. Rb1 Rf6 30. f3 Bxb5+ 31. Rxb5 Ra6 32. Bb1 Ra4 33. Rb7 Be5 34.
g4 h5 35. gxh5 gxh5 36. Rb5 Rxh4 37. Be4 Rh1+ 38. Ke2 Bd6 39. a4 h4 40. Rb1 Rh2+
41. Kd3 Ra2 42. Rh1 Bg3 43. Kc4 Rxa4+ 44. Kxc5 Kf6 45. Kb5 Rd4 46. Kc5 Ke5 47.
Rh3 Rd1 48. Kc6 Rd4 49. Kc5 Rd2 50. Rh1 Kf4 51. Kc6 Rh2 52. Rd1 Ke3 53. Rd3+ Ke2
54. Kd7 Bd6 55. Rc3 Rf2 56. Rc2+ Ke3 57. Rc3+ Kf4 58. Rc8 h3 59. Rf8+ Ke3 60.
Rh8 h2 0-1

[Event "London Classic FIDE Open"]
[Site "London ENG"]
[Date "2011.12.06"]
[Round "4"]
[White "Josse, Mark"]
[Black "Arkell, Keith C"]
[Result "0-1"]
[BlackTitle "GM"]
[WhiteElo "2162"]
[BlackElo "2418"]
[WhiteFideId "414476"]
[BlackFideId "400270"]
[EventDate "2011.12.03"]

1. e4 c6 2. d4 d5 3. e5 c5 4. dxc5 Nc6 5. Bb5 Qa5+ 6. Nc3 e6 7. Be3 Bd7 8. Nf3
Nge7 9. a3 Nf5 10. b4 Nxe3 11. fxe3 Qc7 12. O-O Be7 13. e4 dxe4 14. Nxe4 O-O 15.
Nd6 b6 16. Bxc6 Bxc6 17. cxb6 axb6 18. Qe2 Bxd6 19. exd6 Qxd6 20. Rfd1 Qc7 21.
c4 Bxf3 22. gxf3 Rfc8 23. Rdc1 Qf4 24. Rc3 Qd4+ 25. Qe3 Qxe3+ 26. Rxe3 Rxc4 27.
Re5 Rxb4 28. axb4 Rxa1+ 29. Kf2 Rd1 30. Rb5 Rd6 31. Ke3 Kf8 0-1

[Event "London Classic FIDE Open"]
[Site "London ENG"]
[Date "2011.12.06"]
[Round "4"]
[White "Rendle, Thomas E"]
[Black "Maduekwe, Chiedu"]
[Result "1-0"]
[WhiteTitle "IM"]
[WhiteElo "2389"]
[BlackElo "2180"]
[WhiteFideId "408760"]
[BlackFideId "8500118"]
[EventDate "2011.12.03"]

1. e4 e6 2. d4 d5 3. Nd2 c5 4. Ngf3 cxd4 5. Nxd4 Nc6 6. Bb5 Bd7 7. Nxc6 Bxc6 8.
Bxc6+ bxc6 9. c4 Nf6 10. Qa4 Qc7 11. cxd5 exd5 12. b3 Bd6 13. Bb2 O-O 14. Bxf6
gxf6 15. g3 Rab8 16. O-O Rb4 17. Qa6 dxe4 18. Qe2 Re8 19. Nc4 Bc5 20. Rad1 Rb7
21. Qg4+ Kh8 22. Qf5 Qe7 23. Kh1 Bb4 24. a3 Rb5 25. Qh3 Bc5 26. Rd7 Qe6 27. Qxe6
fxe6 28. b4 Bf8 29. f3 e3 30. Nxe3 a5 31. Rc1 axb4 32. axb4 c5 33. Ng4 f5 34.
Nf6 Re7 35. bxc5 Rb7 36. c6 Rb8 37. c7 Rc8 38. Rd8 Rexc7 39. Rxc7 1-0

[Event "London Classic FIDE Open"]
[Site "London ENG"]
[Date "2011.12.06"]
[Round "4"]
[White "Williamson, Roger G"]
[Black "Bates, Richard A"]
[Result "1/2-1/2"]
[BlackTitle "IM"]
[WhiteElo "2157"]
[BlackElo "2386"]
[WhiteFideId "414620"]
[BlackFideId "403555"]
[EventDate "2011.12.03"]

1. e4 c5 2. Nf3 d6 3. d4 cxd4 4. Nxd4 Nf6 5. Nc3 a6 6. Be2 e5 7. Nb3 Be7 8. O-O
O-O 9. Re1 Be6 10. Bf1 Nbd7 11. Nd5 Nxd5 12. exd5 Bf5 13. a4 Rc8 14. c3 Bg6 15.
a5 Nc5 16. Nxc5 Rxc5 17. Qb3 Qd7 18. Be3 Rcc8 19. Ra4 f5 1/2-1/2

[Event "London Classic FIDE Open"]
[Site "London ENG"]
[Date "2011.12.06"]
[Round "4"]
[White "Getz, Nicolai"]
[Black "Willmoth, Robert F"]
[Result "1-0"]
[WhiteTitle "IM"]
[WhiteElo "2369"]
[BlackElo "2169"]
[WhiteFideId "1505572"]
[BlackFideId "402540"]
[EventDate "2011.12.03"]

1. e4 e6 2. d4 d5 3. Nc3 Bb4 4. e5 c5 5. a3 Bxc3+ 6. bxc3 Ne7 7. Qg4 O-O 8. Bd3
Nbc6 9. Nf3 f5 10. exf6 Rxf6 11. Bg5 e5 12. Bxh7+ Kxh7 13. Qh5+ Kg8 14. Bxf6
gxf6 15. dxe5 Nxe5 16. Nxe5 fxe5 17. Qxe5 Bf5 18. O-O Qd7 19. Rad1 Rf8 20. Rfe1
Rf7 21. c4 Bxc2 22. Rd2 Bf5 23. cxd5 b6 24. Re3 Rg7 25. h3 Kh7 26. g4 c4 27. d6
Nc6 28. Qd5 Rg6 29. Rde2 Kh6 30. Qd2 c3 31. Rxc3+ Kg7 32. Rxc6 Qxc6 33. d7 Bxg4
34. Qd4+ Kh6 35. Qh8+ Kg5 36. d8=Q+ 1-0

[Event "London Classic FIDE Open"]
[Site "London ENG"]
[Date "2011.12.06"]
[Round "4"]
[White "Crouch, Colin S"]
[Black "Tozer, Philip A A"]
[Result "1-0"]
[WhiteTitle "IM"]
[WhiteElo "2366"]
[BlackElo "2159"]
[WhiteFideId "400947"]
[BlackFideId "419982"]
[EventDate "2011.12.03"]

1. d4 e6 2. e4 d5 3. Nd2 Nf6 4. e5 Nfd7 5. Bd3 c5 6. c3 Nc6 7. Ne2 cxd4 8. cxd4
f6 9. exf6 Nxf6 10. O-O Bd6 11. Nf3 O-O 12. Bg5 Qc7 13. Nc3 a6 14. Qe2 h6 15.
Bh4 Nh5 16. Bg3 Nf4 17. Qd2 g5 18. Bc2 Qg7 19. Rad1 Bd7 20. Rfe1 g4 21. Nh4 Qf6
22. Nf5 e5 23. dxe5 Bxe5 24. Nxd5 Nxd5 25. Bxe5 Nxe5 26. Qxd5+ Be6 27. Nxh6+
Qxh6 28. Qxe5 Rae8 29. Rd6 Rf6 30. Rxe6 1-0

[Event "London Classic FIDE Open"]
[Site "London ENG"]
[Date "2011.12.06"]
[Round "4"]
[White "Gislason, Gudmundur"]
[Black "Jaunooby, Ali R"]
[Result "1-0"]
[WhiteElo "2318"]
[BlackElo "2144"]
[WhiteFideId "2300559"]
[BlackFideId "413291"]
[EventDate "2011.12.03"]

1. d4 c5 2. d5 Nf6 3. g3 e6 4. c4 b5 5. Bg2 Bb7 6. e4 bxc4 7. Nc3 d6 8. Nf3 Nbd7
9. dxe6 fxe6 10. Ng5 Ne5 11. O-O Qe7 12. f4 Nc6 13. e5 dxe5 14. fxe5 Nxe5 15.
Qa4+ Kd8 16. Nxe6+ Kc8 17. Bxb7+ Kxb7 18. Qb5+ Kc8 19. Nxf8 Rxf8 20. Bf4 a6 21.
Qa5 Nd3 22. Na4 Qd8 23. Qxd8+ Kxd8 24. Bd6 Re8 25. Nb6 Re6 26. Bxc5 Rb8 27. Na4
Nxb2 28. Rab1 c3 29. Nxc3 Rc8 30. Bd4 Rc4 31. Rf4 Ne4 32. Nxe4 Rxd4 33. Ng5 1-0

[Event "London Classic FIDE Open"]
[Site "London ENG"]
[Date "2011.12.06"]
[Round "4"]
[White "Radovanovic, Jovica"]
[Black "Duncan, Patrick C M"]
[Result "1-0"]
[WhiteTitle "FM"]
[WhiteElo "2309"]
[BlackElo "2125"]
[WhiteFideId "915912"]
[BlackFideId "405787"]
[EventDate "2011.12.03"]

1. Nf3 Nf6 2. d4 e6 3. c4 Bb4+ 4. Nbd2 O-O 5. g3 d6 6. Bg2 Nc6 7. O-O Bxd2 8.
Bxd2 e5 9. dxe5 dxe5 10. Bc3 Qe7 11. Qc2 Bg4 12. h3 Bh5 13. Nh4 Bg6 14. Nxg6
hxg6 15. b4 Nxb4 16. Bxb4 Qxb4 17. Rab1 Qe7 18. Rxb7 e4 19. Qb3 Qc5 20. Rb5 Qe7
21. Rb1 Rfd8 22. Qe3 Re8 23. g4 Nd7 24. Rd1 a6 25. Rg5 Rad8 26. Rgd5 Nb6 27.
Rxd8 Rxd8 28. Rxd8+ Qxd8 29. Qxe4 Qd1+ 30. Bf1 Qa4 31. e3 a5 32. Kg2 c5 33. Qd3
Kh7 34. Qb3 Qc6+ 35. Kg1 Qd6 36. Qc2 Qe6 37. a3 Qe5 38. Qb3 Qe6 39. Qc3 a4 40.
Qd3 Qf6 41. f4 Qb2 42. h4 Kg8 43. h5 gxh5 44. Qd8+ Kh7 45. gxh5 Qb1 46. Kf2 Qb2+
47. Kf3 g6 48. hxg6+ fxg6 49. Qe7+ 1-0

[Event "London Classic FIDE Open"]
[Site "London ENG"]
[Date "2011.12.06"]
[Round "4"]
[White "Murray, David"]
[Black "Afek, Yochanan"]
[Result "1/2-1/2"]
[BlackTitle "IM"]
[WhiteElo "2133"]
[BlackElo "2301"]
[WhiteFideId "2501511"]
[BlackFideId "2800462"]
[EventDate "2011.12.03"]

1. e4 c5 2. Nf3 Nf6 3. e5 Nd5 4. Nc3 e6 5. Nxd5 exd5 6. d4 Nc6 7. dxc5 Bxc5 8.
Qxd5 d6 9. exd6 Qb6 10. Qe4+ Be6 11. Qh4 Bxd6 12. Bd3 Nb4 13. O-O Nxd3 14. Qa4+
Qc6 15. Qxc6+ bxc6 16. cxd3 O-O-O 17. Be3 Kb7 18. Nd2 Be7 19. Ne4 Rxd3 20. Bc5
f5 21. Bxe7 fxe4 22. Rfd1 Re8 23. Bg5 Bxa2 24. Rxd3 exd3 25. Be3 Rxe3 26. fxe3
Bb3 27. Kf2 d2 28. Ke2 d1=Q+ 29. Rxd1 Bxd1+ 30. Kxd1 Kc7 31. Kd2 Kd6 32. Kd3 Kd5
33. g3 a5 34. Kc3 g5 35. Kb3 Ke4 36. Ka4 Kxe3 37. Kxa5 Kd4 38. Kb6 c5 39. g4 Kd5
40. Kb5 c4 41. Kb6 Kd6 42. Kb5 Kd5 43. Kb6 Kd6 1/2-1/2

[Event "London Classic FIDE Open"]
[Site "London ENG"]
[Date "2011.12.06"]
[Round "4"]
[White "Gagare, Shardul"]
[Black "Guiot, Jerome"]
[Result "1-0"]
[WhiteTitle "FM"]
[WhiteElo "2275"]
[BlackElo "2100"]
[WhiteFideId "5037883"]
[BlackFideId "609765"]
[EventDate "2011.12.03"]

1. c4 e5 2. g3 Nf6 3. Bg2 d5 4. cxd5 Nxd5 5. Nc3 Nb6 6. Nf3 Nc6 7. O-O Be7 8. a3
O-O 9. b4 Be6 10. Rb1 f6 11. d3 a5 12. b5 Nd4 13. Nd2 Ra7 14. e3 Nf5 15. Qc2 a4
16. Nc4 Kh8 17. Bb2 Nd6 18. Nxb6 Bb3 19. Qe2 cxb6 20. Bd5 Bxd5 21. Nxd5 Nxb5 22.
Nxe7 Qxe7 23. d4 Nxa3 24. Ra1 b5 25. Bxa3 b4 26. Bc1 Qd7 27. Qc4 b3 28. dxe5
fxe5 29. Qc5 Raa8 30. Qxe5 b5 31. Ba3 Rfe8 32. Qf4 Rac8 33. Rfd1 Qb7 34. Rd4 Rc4
35. Rxc4 bxc4 36. Qxc4 Qd7 37. Bb2 Rc8 38. Qxa4 Qd5 39. Bxg7+ Kxg7 40. Qg4+ 1-0

[Event "London Classic FIDE Open"]
[Site "London ENG"]
[Date "2011.12.06"]
[Round "4"]
[White "Eriksen, Magnus"]
[Black "Stone, Andrew M"]
[Result "0-1"]
[WhiteElo "2063"]
[BlackElo "2234"]
[WhiteFideId "1509764"]
[BlackFideId "404985"]
[EventDate "2011.12.03"]

1. Nf3 e6 2. g3 c5 3. Bg2 Nc6 4. O-O g6 5. d4 cxd4 6. Nxd4 a6 7. c4 Bg7 8. Nxc6
bxc6 9. Nc3 Ne7 10. e4 O-O 11. Bf4 a5 12. Bd6 Ba6 13. Qd3 Re8 14. Rfd1 Nc8 15.
Bc5 d5 16. b3 Nb6 17. Rac1 Nd7 18. Ba3 d4 19. Na4 Qc7 20. Qc2 Rad8 21. Nb2 c5
22. Nd3 Bb7 23. Rb1 Bf8 24. Bc1 e5 25. Re1 Qc6 26. Bd2 Ra8 27. a4 Ra6 28. Re2
Qb6 29. Qd1 Qa7 30. Qe1 Qa8 31. Bh3 Nf6 32. Bg2 Nh5 33. Bc1 Ng7 34. Ba3 Qc8 35.
Qd2 Qc7 36. Qc2 Bc8 37. Rbe1 Bg4 38. f3 Bd7 39. Rb1 Rb8 40. Rb2 Rba8 41. Re1 Ne6
42. Rbb1 h5 43. Rb2 Kh7 44. h4 Be7 45. Bh3 Nf8 46. Bxd7 Nxd7 47. Kg2 Kg7 48. Qd1
Qb7 49. Nc1 g5 50. hxg5 Bxg5 51. Rh1 Rh8 52. Nd3 Qc7 53. Kf1 Be7 54. Rbh2 Nf6
55. g4 h4 56. Rxh4 Rxh4 57. Rxh4 Nxe4 58. Rh5 Ng3+ 0-1

[Event "London Classic FIDE Open"]
[Site "London ENG"]
[Date "2011.12.06"]
[Round "4"]
[White "Arvola, Benjamin"]
[Black "Schwartz, Julius"]
[Result "1-0"]
[WhiteElo "2232"]
[BlackElo "2065"]
[WhiteFideId "1506536"]
[BlackFideId "2402831"]
[EventDate "2011.12.03"]

1. e4 c5 2. Nf3 d6 3. d4 cxd4 4. Nxd4 Nf6 5. Nc3 g6 6. Be3 Bg7 7. f3 Nc6 8. Qd2
O-O 9. O-O-O Nxd4 10. Bxd4 Be6 11. Kb1 Rc8 12. g4 Re8 13. Bb5 Nd7 14. Bxg7 Kxg7
15. h4 Rg8 16. h5 Kf8 17. hxg6 hxg6 18. Rh7 g5 19. Qh2 Rxc3 20. Qh6+ Ke8 21.
Qxg5 Kf8 22. Qh6+ Ke8 23. Qg7 f6 24. Rh8 Rc6 25. Rxg8+ Bxg8 26. Qxg8+ Nf8 27.
Bxc6+ bxc6 28. Rh1 1-0

[Event "London Classic FIDE Open"]
[Site "London ENG"]
[Date "2011.12.06"]
[Round "4"]
[White "Ledger, Dave J"]
[Black "Kristinsson, Bjarni Jens"]
[Result "1-0"]
[WhiteTitle "FM"]
[WhiteElo "2228"]
[BlackElo "2045"]
[WhiteFideId "401986"]
[BlackFideId "2302950"]
[EventDate "2011.12.03"]

1. e4 c5 2. Nf3 d6 3. d4 cxd4 4. Nxd4 Nf6 5. Nc3 a6 6. Be3 e5 7. Nb3 Be6 8. Qd2
Nbd7 9. f3 h5 10. O-O-O Rc8 11. h3 h4 12. f4 Be7 13. Bd3 Qc7 14. Rhe1 b5 15. Kb1
O-O 16. Bf2 b4 17. Nd5 Bxd5 18. exd5 a5 19. Bf5 Rb8 20. fxe5 Ne8 21. e6 Ne5 22.
Qe2 Bf6 23. exf7+ Nxf7 24. Qh5 Nh6 25. Be6+ Kh7 26. Nd4 g6 27. Qe2 Ng7 28. Qe4
Be5 29. Nf3 Rf4 30. Qd3 Bf6 31. Re4 Nxe6 32. dxe6 Rxe4 33. Qxe4 Nf5 34. Bxh4
Nxh4 35. Nxh4 Qg7 36. Rxd6 Re8 37. Nf3 Re7 38. Nd4 Be5 39. Qh4+ Qh6 40. Qxe7+ 1-0

[Event "London Classic FIDE Open"]
[Site "London ENG"]
[Date "2011.12.06"]
[Round "4"]
[White "McKerracher, Douglas"]
[Black "Britton, Richard L"]
[Result "1/2-1/2"]
[BlackTitle "FM"]
[WhiteElo "1976"]
[BlackElo "2219"]
[WhiteFideId "2401002"]
[BlackFideId "401692"]
[EventDate "2011.12.03"]

1. e4 c5 2. Nc3 Nc6 3. g3 g6 4. Bg2 Bg7 5. d3 d6 6. f4 e6 7. Nf3 Nge7 8. O-O O-O
9. Be3 b6 10. d4 Ba6 11. Re1 cxd4 12. Nxd4 Na5 13. Bf2 Rc8 14. Ndb5 Nc4 15. Rb1
Nxb2 16. Qf3 Bxb5 17. Nxb5 Qd7 18. Nd4 Nc4 19. Red1 a6 20. Bf1 d5 21. Qb3 b5 22.
a4 bxa4 23. Qa2 Rfd8 24. Rb4 Nd6 25. e5 Ne4 26. Be1 Nc6 27. Rxa4 Nc5 28. Ra3
Nxd4 29. Rxd4 f6 30. exf6 Bxf6 31. Rd1 Rb8 32. Ra5 Qc7 33. Bxa6 Rb2 34. Qa3 Nxa6
35. Rxa6 Qxc2 36. Rd2 Bd4+ 37. Kf1 Qe4 38. Rxb2 Qh1+ 39. Ke2 Qxh2+ 40. Kd1 Qxb2
41. Qxb2 Bxb2 42. Rxe6 Rd7 43. Kc2 Bd4 44. Kd3 Ba7 45. Bc3 Kf7 46. Re5 h5 47.
Rg5 Bb6 48. f5 Rd6 49. Be5 Rc6 1/2-1/2

[Event "London Classic FIDE Open"]
[Site "London ENG"]
[Date "2011.12.06"]
[Round "4"]
[White "White, Michael J R"]
[Black "Seymour, Timothy P"]
[Result "1-0"]
[WhiteTitle "FM"]
[WhiteElo "2214"]
[BlackElo "2033"]
[WhiteFideId "407380"]
[BlackFideId "412112"]
[EventDate "2011.12.03"]

1. d4 e6 2. e4 d5 3. e5 c5 4. c3 Qb6 5. Nf3 Nc6 6. a3 Nh6 7. b4 cxd4 8. cxd4 Nf5
9. Bb2 Bd7 10. Be2 Be7 11. O-O O-O 12. Qd2 f6 13. g4 Nh6 14. exf6 Rxf6 15. g5
Rxf3 16. Bxf3 Nf5 17. Bg4 Ncxd4 18. Rd1 e5 19. Nc3 Qc6 20. Ne2 Rf8 21. Bxd4 exd4
22. Nxd4 Nxd4 23. Qxd4 Bxg4 24. Qxg4 Qc2 25. Qd4 Rf5 26. h4 Bd6 27. Rd2 Qc8 28.
Qg4 Qf8 29. Rad1 Qf7 30. Qg2 Bc7 31. Rxd5 Rf4 32. Rd8+ Bxd8 33. Rxd8+ 1-0

[Event "London Classic FIDE Open"]
[Site "London ENG"]
[Date "2011.12.06"]
[Round "4"]
[White "Srija, Seshadri"]
[Black "Thingstad, Even"]
[Result "0-1"]
[WhiteTitle "WFM"]
[WhiteElo "1926"]
[BlackElo "2213"]
[WhiteFideId "5055903"]
[BlackFideId "1506439"]
[EventDate "2011.12.03"]

1. e4 c6 2. d4 d5 3. e5 Bf5 4. Nf3 e6 5. Be2 c5 6. c3 Nc6 7. a3 Nge7 8. b4 cxd4
9. cxd4 Nc8 10. O-O Be7 11. Be3 O-O 12. Nc3 Nb6 13. Ne1 Rc8 14. Na4 Nxa4 15.
Qxa4 Qb6 16. Qd1 f6 17. Bg4 Bxg4 18. Qxg4 f5 19. Qh3 a5 20. bxa5 Nxa5 21. Nd3
Rc3 22. Rfb1 Qa6 23. Nb4 Qc4 24. g3 Nb3 25. Ra2 Bxb4 26. axb4 Nxd4 27. Ra7 Nf3+
28. Kh1 Qe4 29. Rba1 Rfc8 30. Ra8 h6 31. Qf1 Rxa8 32. Rxa8+ Kh7 33. Rb8 Nd2+ 0-1

[Event "London Classic FIDE Open"]
[Site "London ENG"]
[Date "2011.12.06"]
[Round "4"]
[White "Andreev, Peter"]
[Black "Gant, Chris J"]
[Result "1/2-1/2"]
[BlackTitle "FM"]
[WhiteElo "1914"]
[BlackElo "2194"]
[WhiteFideId "406350"]
[BlackFideId "403946"]
[EventDate "2011.12.03"]

1. e4 c5 2. Nc3 g6 3. d3 Nc6 4. Be3 d6 5. g3 Bg7 6. Bg2 Rb8 7. Qd2 b5 8. h4 b4
9. Nd1 h5 10. Ne2 Qb6 11. O-O Nf6 12. f4 Ng4 13. f5 Nxe3 14. Qxe3 c4 15. Qxb6
Rxb6 16. fxg6 fxg6 17. Nf4 cxd3 18. cxd3 Ne5 19. Ne3 Ng4 20. Ned5 Bd4+ 21. Kh1
Nf2+ 22. Kh2 Ng4+ 23. Kh1 Nf2+ 24. Rxf2 Bxf2 25. Nxg6 Rh6 26. Nxb6 Bxb6 27. Nf4
Bd4 28. Bf3 Bxb2 29. Rb1 Bc3 30. Bxh5+ Rxh5 31. Nxh5 Be6 32. Nf4 Bxa2 33. Rc1
Be5 34. Ne2 b3 35. d4 Bxd4 36. Nxd4 b2 37. Re1 b1=Q 38. Rxb1 Bxb1 39. e5 a5 40.
Kg1 a4 41. exd6 exd6 42. Kf2 a3 43. Ke3 a2 44. Nb3 Ke7 45. Kd2 Bf5 46. Kc1 Be6
47. Na1 Kf6 48. Kb2 Kf5 49. Nc2 Kg4 50. Nd4 Bc4 51. Nc2 Kxg3 52. Ne3 Be6 53. h5
Kf4 54. h6 Bg8 55. Nd5+ Kg5 56. Ne7 Bh7 57. Kxa2 Kxh6 58. Kb2 Kg5 59. Kc3 1/2-1/2

[Event "London Classic FIDE Open"]
[Site "London ENG"]
[Date "2011.12.06"]
[Round "4"]
[White "Mohammad Ashraf"]
[Black "Cetens, Edward"]
[Result "1-0"]
[WhiteElo "2188"]
[BlackElo "1708"]
[WhiteFideId "5066263"]
[BlackFideId "360465"]
[EventDate "2011.12.03"]

1. e4 c5 2. c3 e6 3. d4 d5 4. exd5 exd5 5. Nf3 cxd4 6. Nxd4 Nf6 7. Nd2 Nbd7 8.
Bb5 a6 9. Be2 Nb6 10. O-O Bd6 11. Re1 O-O 12. Nf1 Qc7 13. Bf3 Bf4 14. Bxf4 Qxf4
15. Ne3 Bd7 16. Qb3 Qc7 17. Nxd5 Nfxd5 18. Bxd5 Ba4 19. Qa3 Nxd5 20. Qxa4 b5 21.
Qd1 Rad8 22. Qg4 Nf6 23. Qg5 h6 24. Qh4 Rd5 25. Re3 Rg5 26. Rae1 Rc8 27. h3 Qc4
28. Rg3 Rcc5 29. a3 Qa2 30. Re2 Kh7 31. Rxg5 Rxg5 32. Qf4 Qb1+ 33. Kh2 Qg6 34.
Qf3 Nd5 35. h4 Rh5 36. g3 Nf6 37. Qf4 a5 38. Kg2 b4 39. axb4 axb4 40. c4 Rc5 41.
b3 Qh5 42. Nf3 Rf5 43. Qe3 Ng4 44. Qe4 Nf6 45. Qd3 Kh8 46. Nd4 Rc5 47. Qf3 Qg6
48. Re7 Rh5 49. Ne2 Rxh4 50. Nf4 Qg5 51. Rxf7 Rg4 52. Rf8+ Kh7 53. Qd3+ g6 54.
Rxf6 Qxf6 55. Qd7+ 1-0

[Event "London Classic FIDE Open"]
[Site "London ENG"]
[Date "2011.12.06"]
[Round "4"]
[White "Stoma, Pawel"]
[Black "Svaralova, Monika"]
[Result "1-0"]
[WhiteElo "2316"]
[BlackElo "2025"]
[WhiteFideId "1113569"]
[BlackFideId "14927420"]
[EventDate "2011.12.03"]

1. e4 e6 2. d3 d5 3. Nd2 dxe4 4. dxe4 Bc5 5. Ngf3 Nf6 6. Bd3 Nc6 7. O-O O-O 8.
e5 Nd7 9. Re1 f6 10. exf6 Nxf6 11. Ne4 Nxe4 12. Bxe4 Qf6 13. Bg5 Qxb2 14. Qd3 h6
15. Rab1 Qa3 16. Rb3 Qa4 17. Bxh6 gxh6 18. Bxc6 bxc6 19. Qg6+ Kh8 20. Qxh6+ Kg8
21. Qg6+ Kh8 22. Nd4 Qxb3 23. Qh5+ Kg8 24. Qg4+ 1-0

[Event "London Classic FIDE Open"]
[Site "London ENG"]
[Date "2011.12.06"]
[Round "4"]
[White "Farrand, Tom"]
[Black "Cannon, Raymond C"]
[Result "1/2-1/2"]
[WhiteElo "2265"]
[BlackElo "2024"]
[WhiteFideId "406457"]
[BlackFideId "408018"]
[EventDate "2011.12.03"]

1. e4 d6 2. d4 Nf6 3. Nc3 g6 4. Nf3 Bg7 5. h3 O-O 6. Be3 b6 7. e5 Ne8 8. e6 fxe6
9. h4 Nf6 10. h5 gxh5 11. Bd3 Qe8 12. Qd2 Ba6 13. Ng5 Bxd3 14. Qxd3 Qg6 15. Qc4
d5 16. Qxc7 Na6 17. Qe5 Nb4 18. O-O Nxc2 19. Nxe6 Nxa1 20. Nxf8 Rxf8 21. Rxa1
Qf7 22. Re1 e6 23. Qg3 Qg6 24. Bf4 Ng4 25. Be3 Qf5 26. Ne2 e5 27. b3 Qc2 28.
dxe5 Bxe5 29. Qh4 Nxe3 30. Qg5+ Qg6 31. Qxe3 Qf6 32. Rd1 d4 33. Qe4 Qxf2+ 34.
Kh1 Qe3 35. Qd5+ Kg7 36. Nxd4 Bxd4 37. Rxd4 Rf1+ 38. Kh2 Qg1+ 39. Kg3 1/2-1/2